Ol´ga Evgen´evna KOŠELEVA Ljudi Sankt-Peterburgskogo ostrova Petrovskogo vremeni [Gens de l’île de Saint-Pétersbourg à l’époque de Pierre le Grand] Moscou : Ob´´edinennoe gumanitarnoe izdatel´stvo (OGI), 2004, 487 p., ill. (notice n° 1604328)
[ vue normale ]
| 000 -LEADER | |
|---|---|
| fixed length control field | 00674cam a2200145 4500500 |
| 005 - DATE AND TIME OF LATEST TRANSACTION | |
| control field | 20251228093423.0 |
| 041 ## - LANGUAGE CODE | |
| Language code of text/sound track or separate title | fre |
| 042 ## - AUTHENTICATION CODE | |
| Authentication code | dc |
| 100 10 - MAIN ENTRY--PERSONAL NAME | |
| Personal name | Lecerf, Anna |
| Relator term | author |
| 245 00 - TITLE STATEMENT | |
| Title | Ol´ga Evgen´evna KOŠELEVA Ljudi Sankt-Peterburgskogo ostrova Petrovskogo vremeni [Gens de l’île de Saint-Pétersbourg à l’époque de Pierre le Grand] Moscou : Ob´´edinennoe gumanitarnoe izdatel´stvo (OGI), 2004, 487 p., ill. |
| 260 ## - PUBLICATION, DISTRIBUTION, ETC. | |
| Date of publication, distribution, etc. | 2005.<br/> |
| 500 ## - GENERAL NOTE | |
| General note | 14 |
| 786 0# - DATA SOURCE ENTRY | |
| Note | Cahiers du monde russe | Vol 46 | 4 | 2005-11-01 | p. 859c-990c | 1252-6576 |
| 856 41 - ELECTRONIC LOCATION AND ACCESS | |
| Uniform Resource Identifier | <a href="https://shs.cairn.info/revue-cahiers-du-monde-russe-2005-4-page-859c?lang=fr&redirect-ssocas=7080">https://shs.cairn.info/revue-cahiers-du-monde-russe-2005-4-page-859c?lang=fr&redirect-ssocas=7080</a> |
Pas d'exemplaire disponible.




Réseaux sociaux